000 00471nam a2200133Ia 4500
008 220217s9999 xx 000 0 und d
100 _aLakshmi R. Nair
245 0 _aConstruction of an enriched genomic library for the development of dinucleotide microsatellite markers in Hevea brasiliensis
260 _bMahatma Gandhi University
_a Kottayam
_c2010
500 _aCourse: MSc Biotec
700 _aDr T Saha
850 _aRubber Research Institute of India
942 _cTS
999 _c74477
_d74477